Indentifying the needs of overseas students : a monitoring exercise at the University of Southampton : august 1992 (Record no. 70330)
[ view plain ]
| 000 -CABECERA | |
|---|---|
| campo de control de longitud fija | 00627nam a2200205 a 4500 |
| 005 - FECHA Y HORA DE LA ÚLTIMA TRANSACCIÓN | |
| campo de control | 20210219153158.0 |
| 008 - ELEMENTOS DE LONGITUD FIJA--INFORMACIÓN GENERAL | |
| campo de control de longitud fija | 991125n 000 0 u |
| 035 ## - NÚMERO DE CONTROL DEL SISTEMA | |
| Número de control de sistema | UPN01000082433 |
| 100 ## - ASIENTO PRINCIPAL--NOMBRE PERSONAL | |
| Nombre de persona | ROGERS, Cathryn |
| 222 ## - TÍTULO CLAVE | |
| Título clave | INTERNATIONAL EDUCATION |
| 245 ## - MENCIÓN DE TÍTULO | |
| Título | Indentifying the needs of overseas students : a monitoring exercise at the University of Southampton : august 1992 |
| 300 ## - DESCRIPCIÓN FÍSICA | |
| Extensión | 7-24 |
| 362 ## - FECHAS DE PUBLICACIÓN Y/O DESIGNACIÓN SECUENCIAL | |
| Fecha de publicación y/o designación secuencial | 1992 Vol. 3, no. 3, nov. |
| 653 0# - TERMINO DE INDIZACION - NO CONTROLADO | |
| Término no controlado | EDUCACION SUPERIOR |
| 653 0# - TERMINO DE INDIZACION - NO CONTROLADO | |
| Término no controlado | ESTUDIANTES EXTRANJEROS |
| 653 0# - TERMINO DE INDIZACION - NO CONTROLADO | |
| Término no controlado | GRAN BRETAÑA |
| 700 ## - ASIENTO SECUNDARIO--NOMBRE DE PERSONAL | |
| Nombre de persona | SMITH, Peter, coaut. |
| 904 ## - ELEMENTOS DE DATOS D LOCAL, LDD (RLIN) | |
| a | AC |
| b | 020244 |
| 905 ## - TIPO DE MATERIAL | |
| Tipo de material | Articulo |
No items available.
